| 000 | 00603nam a2200157 a 4500 | ||
|---|---|---|---|
| 008 | 120416s0000 ||||||||||||||||| || u | ||
| 020 | _a0412333104 | ||
| 050 | _aRC 921.I5 Man | ||
| 100 | _aMandelstam, Dorothy | ||
| 245 | 1 | 0 | _aUnderstanding incontinence |
| 246 | _aa guide to the nature and management of a very common complaint | ||
| 260 |
_aLondon _bChapman and Hall _c1989 |
||
| 300 | _axiv, ill. : ill. | ||
| 350 | _a0.00 | ||
| 995 |
_D0.00 _FCBU-MAIN LIBRARY (Kitwe) _H1 _I5.95 _M1 _UAVAILABLE _WApr 19, 2007 _ZMain Library Open Access Collection |
||
| 999 |
_c60699 _d60699 |
||